000 00475nam a22001577a 4500
005 20230207143220.0
008 230207b sa ||||| |||| 00| 0 eng d
020 _a9780195769296
040 _c3228
082 _aTSO F NETS
100 _aNetshilata Roselet tlakula
_9175470
245 _aKu tsemakanya patu
_cRoselet tlakula netshilata and Robert Hichens
260 _aCape town
_bOxford university press
_c2009
300 _a8 pages
_c14 cm 21 width
942 _2ddc
_cBK
_w163
_xKhulile Ngwenya
_y163
_zKhulile Ngwenya
999 _c743427
_d743426